Preparing for the twenty-first century / (Record no. 29910)

MARC details
000 -LEADER
campo de control de longitud fija 01337cam a2200373 a 4500
001 - NÚMERO DE CONTROL
campo de control 90499
005 - FECHA Y HORA DE LA ÚLTIMA TRANSACCIÓN
campo de control 20230410104006.0
008 - DATOS DE LONGITUD FIJA--INFORMACIÓN GENERAL
campo de control de longitud fija 930809s1994 nyua b 001 0 eng
010 ## - NÚMERO DE CONTROL DE LA BIBLIOTECA DEL CONGRESO
Número de control de LC 93006327
035 ## - NÚMERO DE CONTROL DEL SISTEMA
Número de control de sistema (OCoLC)ocm28710827
040 ## - FUENTE DE CATALOGACIÓN
Centro catalogador/agencia de origen DLC
Centro/agencia transcriptor DLC
Centro/agencia modificador AGL
-- EL$
-- BAKER
-- NLGGC
-- BTCTA
-- YDXCP
-- OCLCG
-- AU@
020 ## - NÚMERO INTERNACIONAL ESTÁNDAR DEL LIBRO
Número Internacional Estándar del Libro 0679747052 :
Condiciones de disponibilidad $14.00
020 ## - NÚMERO INTERNACIONAL ESTÁNDAR DEL LIBRO
Número Internacional Estándar del Libro 9780679747055
035 ## - NÚMERO DE CONTROL DEL SISTEMA
Número de control de sistema (OCoLC)28710827
050 14 - SIGNATURA TOPOGRÁFICA DE LA BIBLIOTECA DEL CONGRESO
Número de clasificación CB 161
Número de ítem K36p 1994
082 00 - NÚMERO DE LA CLASIFICACIÓN DECIMAL DEWEY
Número de clasificación 303.49/09/05
100 1# - ENTRADA PRINCIPAL--NOMBRE DE PERSONA
Nombre de persona Kennedy, Paul M.,
Fechas asociadas al nombre 1945-
245 10 - MENCIÓN DEL TÍTULO
Título Preparing for the twenty-first century /
Mención de responsabilidad, etc. Paul Kennedy.
250 ## - MENCION DE EDICION
Mención de edición 1st Vintage Books ed.
260 ## - PUBLICACIÓN, DISTRIBUCIÓN, ETC.
Lugar de publicación, distribución, etc. New York :
Nombre del editor, distribuidor, etc. Vintage Books,
Fecha de publicación, distribución, etc. 1994.
300 ## - DESCRIPCIÓN FÍSICA
Extensión xvi, 428 p. :
Otras características físicas ill. ;
Dimensiones 21 cm.
500 ## - NOTA GENERAL
Nota general Originally published: New York : Random House, c1993.
504 ## - NOTA DE BIBLIOGRAFÍA, ETC.
Nota de bibliografía, etc. Includes bibliographical references (p. 389-405) and index.
650 #0 - PUNTO DE ACCESO ADICIONAL DE MATERIA--TÉRMINO DE MATERIA
Término de materia o nombre geográfico como elemento de entrada Twenty-first century.
650 #4 - PUNTO DE ACCESO ADICIONAL DE MATERIA--TÉRMINO DE MATERIA
Término de materia o nombre geográfico como elemento de entrada Siglo XXI
Subdivisión general Pronósticos.
740 0# - ENTRADA AGREGADA--TÍTULO RELACIONADO/ANALÍTICO NO CONTROLADO
Título relacionado o analítico no controlado Preparing for the 21st century.
856 42 - LOCALIZACIÓN Y ACCESO ELECTRÓNICOS
Materiales especificados Publisher description
Identificador Uniforme de Recursos <a href="http://www.loc.gov/catdir/description/random043/93006327.html">http://www.loc.gov/catdir/description/random043/93006327.html</a>
938 ## -
-- Baker & Taylor
-- BKTY
-- 16.95
-- 12.71
-- 0679747052
-- 0002370675
-- active
938 ## -
-- Baker and Taylor
-- BTCP
-- 93006327
-- $14.00
938 ## -
-- YBP Library Services
-- YANK
-- 545765
942 ## - ELEMENTOS DE ENTRADA SECUNDARIOS (KOHA)
Fuente del sistema de clasificación o colocación Clasificación de Library of Congress
Tipo de ítem Koha
946 ## - PROCESAMIENTO DE INFORMACIÓN LOCAL (OCLC)
a mm
994 ## -
-- C0
-- DRFGD
Holdings
Estatus retirado Estado de pérdida Fuente del sistema de clasificación o colocación Estado de daño No para préstamo Colección Biblioteca de origen Biblioteca actual Ubicación en estantería Fecha de adquisición Serial enumeration / chronology Signatura topográfica completa Código de barras Visto por última vez Copia número Tipo de ítem Koha
    Clasificación de Library of Congress     Recursos Regionales Biblioteca Juan Bosch Biblioteca Juan Bosch Recursos Regionales (2do. Piso) 10/04/2023 1 CB 161 K36p 1994 00000078517 23/10/2018 1